000 00559nam a2200169Ia 4500
008 090711s9999 xx 000 0 und d
082 _b1205
100 _aशेवते अरुण (संपा.)
245 _aस्नेहांकित
260 _bऔदुंबर प्रकाशन
_c2000
300 _a148
600 _aशेवते अरुण (संपा.)
630 _aस्नेहांकित
700 _aशेवते अरुण (संपा.)
730 _aस्नेहांकित
942 _cBOOK
999 _c338212
_d338212